Statistics for Switzerland Country Quiz

Click here to take the quiz!

General Stats

  • This quiz has been taken 28,023 times
  • The average score is 14 of 24

Answer Stats

ClueAnswer% Correct
Official languagesGerman
98%
Official languagesFrench
98%
Capital cityBern
96%
Official languagesItalian
92%
Most populous cityZurich
89%
Largest lakeLake Geneva
80%
CurrencyFranc
80%
Alpine singing formYodel
72%
Stereotypical clock with a bird insideCuckoo clock
71%
Most famous tennis playerRoger Federer
68%
Switzerland is subdivided into
26 of these
Cantons
68%
Famous mountain near ZermattMatterhorn
64%
Luxury items made by Rolex, Omega and TAG Heuer, among othersWatches
62%
Legendary figure who shot an apple
from his son's head
William Tell
54%
Official languagesRomansh
51%
Longest riverRhine
47%
Most important food corporationNestlé
39%
Dish of bread dipped in molten cheeseFondue
35%
Olympic headquarters and EPFL cityLausanne
30%
Bordering principalityLiechtenstein
25%
Winter Olympic host citySt. Moritz
21%
Philosopher who influenced the
French Revolution
Jean-Jacques
Rousseau
20%
Largest bankUBS
19%
Fictional woman
who personifies Switzerland
Helvetia
12%

Score Distribution

Percentile by Number Answered

Percent of People with Each Score

Your Score History

You have not taken this quiz